00714 2200229 4500001002100000005001500021035002000036245016600056100003500222250000600257300003700263260003900300082001200339084001800351020001800369650001200387990001700399990001700416990001700433990001700450990001700467INLIS00000000000121920190521123240 a0010-05190001101 aPencegahan dan Penanggulangan Penyalahgunaan Narkoba Berbasis Sekolah :bBuku Pedoman Untuk : Guru, Konselor, dan Administrstor /cdr. Lydia Harlina Martono, SKM0 adr. Lydia Harlina Martono, SKM a- axii, 120 hlm. :bilus. ;c25 cm. aJakarta :bPT Balai Pustaka,c2010 a362.293 a362.293 LYD p a979-690-325-3 aNarkoba a04380/H/2018 a04381/H/2018 a04382/H/2018 a04383/H/2018 a04384/H/2018